Exploration and exploitation of geothermal resources in arid and semiarid lands

Saved in:
Bibliografiske detaljer
Institution som forfatter: Office of Arid Land Studies. University of Arizona (Author)
Format: Bog
Sprog:engelsk
Udgivet: Tucson University of Arizona 1973
Serier:Arid Land Resource Information Paper, 2
Fag:
Tags: Tilføj Tag
Ingen Tags, Vær først til at tagge denne postø!

MARC

LEADER 00000nam a2200000 a 4500
001 UCU4596
003 CL-VaPUC
008 960524e19730000US |||||||||||||||||eng|d
082 0 4 |a 551.415  |b OFF  |2 21 
110 2 |a Office of Arid Land Studies. University of Arizona  |e author  |9 362283 
245 1 0 |a Exploration and exploitation of geothermal resources in arid and semiarid lands 
300 |a 119 p 
942 |c BK 
945 |d 19960524 00:00:00  |a cmena 
260 |a Tucson  |b University of Arizona  |c 1973 
650 7 |a REGIONES CLIMATICAS  |2 CL-VaPUC  |9 267906 
650 0 |a Climatología   |9 262302 
650 0 |a Medio ambiente físico  |9 347938 
650 0 |a Zona templada  |9 362280 
583 |a last modification  |c 19960524 00:00:00  |k Rodrigo Vera 
490 0 |a Arid Land Resource Information Paper, 2 
999 |c 248266  |d 248264 
952 |0 0  |1 0  |4 0  |6 551_415000000000000_OFF_1973  |7 0  |8 A  |9 264767  |a BIBING  |b BIBING  |d 2019-11-19  |i 1667068  |o 551.415 OFF 1973  |p 1667068  |r 2025-01-20  |w 2019-11-19  |y BK  |k ING 
952 |0 0  |1 0  |4 0  |6 551_415000000000000_OFF_1973  |7 0  |8 A  |9 264768  |a BIBING  |b BIBING  |d 2019-11-19  |i 1667076  |o 551.415 OFF 1973  |p 1667076  |r 2025-01-20  |w 2019-11-19  |y BK  |k ING